Public accounting and the accounting profession in Malaysia

Bibliographic Details
Main Author: Abu Hassan Kendut (Author)
Corporate Author: Universiti Utara Malaysia
Format: Book
Published: Jitra : Universiti Utara Malaysia , 1986
Subjects:

MARC

LEADER 00000cam a2200000 7i4500
001 0000005175
005 20021118093000.0
008 021118n
022 0 |a 01279262 
090 0 0 |a HF5627   |b .A2374 1986 ff 
100 0 |a Abu Hassan Kendut ,   |e author 
245 0 0 |a Public accounting and the accounting profession in Malaysia   |c Abu Hassan Kendut 
260 2 |a Jitra :   |b Universiti Utara Malaysia ,   |c 1986 
300 |a 12 p. ; ;   |c 30 cm. 
400 0 0 |a Siri syarahan ikhtisas ; no. 1 
610 0 0 |a Malaysian Association of Certified Public Accountants 
610 0 0 |a Malaysian Institute of Accountants 
650 0 |a Accountants   |z Malaysia 
650 0 |a Accounting   |z Malaysia 
710 0 0 |a Universiti Utara Malaysia 
999 |a 1000059158   |b Serials   |c Reference   |e Gong Badak Campus